U.S. History Chain - Statistics

General Stats
  • This quiz has been taken 377 times
  • The average score is 15 of 24
Answer Stats
Hint Answer % Correct
1848 discovery led to "rush" in California Gold
98%
Civil War president Lincoln
95%
City where Ford Motors is based Detroit
91%
Branch of armed forces with world's second largest air force Navy
81%
Nickname for prosperous decade: the _______ 20's Roaring
78%
Cotton gin inventor Whitney Eli
76%
Babe Ruth's team Yankees
74%
Location of Old Faithful Yellowstone
69%
Florida's National Park Everglades
68%
_____________ Railroad completed in 1869 Transcontinental
67%
Shoshone guide of Lewis and Clark Sacagawea
65%
City home to the Alamo San Antonio
64%
Bush called Iran, Iraq, and North Korea the "____ of evil" Axis
63%
Site of British surrender in 1781 Yorktown
63%
State where the Battle of Wounded Knee happened South Dakota
61%
21st state Illinois
58%
First name of slave Turner who led a rebellion Nat
57%
Ben Franklin's proposed national bird Turkey
55%
Industries like meatpacking used this "line" for production Assembly
54%
President and Supreme Court chief justice Taft
48%
Ill-fated wagon party on the Oregon trail Donner
47%
His "folly" was purchasing Alaska Seward
42%
Codename of Normandy invasion: Operation ________ Overlord
38%
Department of the executive branch created by Truman Defense
33%
No matching quizzes found
Score Distribution
Percent of People with Each Score
Percentile by Number Answered
Your Score History
You have not taken this quiz